Top 5 (African Countries) Quiz Stats

 Plays Quiz not verified by Sporcle

Challenge
Share
Tweet
Embed
Score 0/30 Timer 04:00
0 Plays Today
% Correct
Madagascar
86.7%
South Africa
77.6%
Somalia
70.4%
Egypt (Cairo)
68.4%
Mozambique
65.3%
Nigeria (Lagos)
63.3%
Libya
60.2%
South Africa
56.1%
Egypt
56.1%
Egypt
50%
Egypt
49%
Nigeria
49%
Algeria
45.9%
Morocco
41.8%
Tunisia
41.8%
% Correct
Morocco
40.8%
Algeria
39.8%
Mauritius
36.7%
Rwanda
33.7%
Comoros
28.6%
Sudan (Khartoum)
28.6%
Seychelles
27.6%
Equatorial Guinea
21.4%
Seychelles
20.4%
São Tomé and Príncipe
18.4%
Egypt (Alexandria)
15.3%
Morocco (Casablanca)
15.3%
Mauritius
14.3%
Botswana
11.2%
Gabon
7.1%

You're not logged in!

Compare scores with friends on all Sporcle quizzes.
OR
Log In

You Might Also Like...

Show Comments

Extras

Top Quizzes Today


Score Distribution

Your Account Isn't Verified!

In order to create a playlist on Sporcle, you need to verify the email address you used during registration. Go to your Sporcle Settings to finish the process.

Report this User

Report this user for behavior that violates our Community Guidelines.

Details: